My System - FELICIA (All Lyrics) - Statistics

General Stats
  • This quiz has been taken 9 times
  • The average score is 189 of 248
Answer Stats
Lyric % Correct
a
100%
body
100%
get
100%
head
100%
heart,
100%
I
100%
in
100%
my
100%
My
100%
(My
100%
(My,
100%
my,
100%
system
100%
system)
100%
you
100%
you)
100%
And
88%
and
88%
can't
88%
'Cause
88%
don't
88%
On
88%
on
88%
the
88%
to
88%
want
88%
(Want
88%
your
88%
even
75%
for
75%
me
75%
No,
75%
now
75%
of
75%
out
75%
parts
75%
you're
75%
You're
75%
all
63%
always
63%
back
63%
Been
63%
every
63%
feel
63%
forgetting
63%
It
63%
morning
63%
real
63%
take
63%
am
50%
any
50%
at
50%
coming
50%
given
50%
I'm
50%
Monday
50%
(Monday)
50%
name
50%
need
50%
space
50%
touch
50%
weekends
50%
after
38%
dancing
38%
disaster
38%
fix
38%
Friday
38%
grave
38%
how
38%
idea
38%
just
38%
make
38%
matter
38%
myself
38%
screams
38%
shot
38%
thought
38%
up
38%
way
38%
whole
38%
wouldn't
38%
deleted
25%
feelings
25%
Hate
25%
If
25%
killed
25%
memories
25%
security
25%
taste
25%
Then
25%
walls
25%
barricaded
13%
encrypted
13%
No matching quizzes found
Score Distribution
Percent of People with Each Score
Percentile by Number Answered
Your Score History
You have not taken this quiz